[Event "21. Torneo San Viator 2013"]
[Site "Madrid ESP"]
[Date "2013.10.06"]
[Round "2.24"]
[White "Mateos Cordero, Francisco"]
[Black "Jimenez Elices, Jose Maria"]
[Result "1/2-1/2"]
[WhiteElo "1601"]
[BlackElo "1872"]
[PlyCount "103"]
[EventDate "2013.09.29"]
[EventType "swiss"]
[EventRounds "9"]
[EventCountry "ESP"]
[SourceTitle "Ajedrez en Madrid"]
[Source "lmi"]
[SourceDate "2013.09.29"]
[SourceVersion "1"]
[SourceVersionDate "2013.12.25"]
[SourceQuality "1"]

1. d4 d5 2. c4 e6 3. Nf3 Nf6 4. Nc3 Be7 5. e3 b6 6. cxd5 exd5 7. Qc2 Bb7 8. Be2
Nbd7 9. Bd2 O-O 10. O-O c5 11. a4 a6 12. Bd3 h6 13. Na2 Rc8 14. Qd1 Ne4 15. Bc3
Ndf6 16. Qe2 Qc7 17. Ne5 c4 18. Bc2 Bd6 19. f4 a5 20. Be1 Nd7 21. Rc1 Bxe5 22.
fxe5 f6 23. e6 Nb8 24. Bxe4 dxe4 25. Bg3 Qe7 26. Bxb8 Rxb8 27. Qxc4 Rbc8 28.
Qb3 Rxc1 29. Rxc1 Rc8 30. Rxc8+ Bxc8 31. d5 Qd6 32. Qc4 Bb7 33. Nc3 f5 34. Qb3
Kf8 35. Qc4 Ke7 36. Qd4 Kf8 37. g3 Ba8 38. Kf2 Bb7 39. Ke1 Ba8 40. Ke2 Bb7 41.
Kd2 Qb4 42. Kc2 Qxd4 43. exd4 Ke7 44. Kb3 g5 45. Kc4 Ba6+ 46. Nb5 Bxb5+ 47.
axb5 f4 48. gxf4 gxf4 49. Kc3 a4 50. Kd2 h5 51. h4 f3 52. Ke3 1/2-1/2

[Event "21. Torneo San Viator 2013"]
[Site "Madrid ESP"]
[Date "2013.10.06"]
[Round "2.25"]
[White "Barahona Torrijos, Angel"]
[Black "Soto Martin, Miguel"]
[Result "1-0"]
[WhiteElo "1867"]
[BlackElo "1588"]
[PlyCount "81"]
[EventDate "2013.09.29"]
[EventType "swiss"]
[EventRounds "9"]
[EventCountry "ESP"]
[SourceTitle "Ajedrez en Madrid"]
[Source "lmi"]
[SourceDate "2013.09.29"]
[SourceVersion "1"]
[SourceVersionDate "2013.12.25"]
[SourceQuality "1"]

1. e4 c5 2. a3 g6 3. d4 Bg7 4. c3 cxd4 5. cxd4 d6 6. Bc4 Nf6 7. Nc3 O-O 8. Nf3
Qc7 9. Ba2 Bg4 10. Be3 Nc6 11. Rc1 Qa5 12. O-O Nd7 13. Ne2 Qh5 14. Nf4 Qb5 15.
Qd2 Bxf3 16. gxf3 e5 17. Bc4 Qa5 18. Ne6 Qxd2 19. Bxd2 fxe6 20. Bxe6+ Kh8 21.
Bxd7 Nxd4 22. Be3 Ne2+ 23. Kg2 Nxc1 24. Rxc1 Rf7 25. Be6 Rf6 26. Bd5 Raf8 27.
Bxa7 Rxf3 28. Rc7 b5 29. Rb7 Bh6 30. Rxb5 Bg5 31. Rb8 Kg7 32. Rxf8 Rxf8 33. a4
Bd2 34. Bb6 Rb8 35. a5 Kf6 36. b3 Ke7 37. Ba7 Rb5 38. a6 Kd8 39. Bc4 Rb4 40.
Bb6+ Kc8 41. a7 1-0

[Event "21. Torneo San Viator 2013"]
[Site "Madrid ESP"]
[Date "2013.10.06"]
[Round "2.26"]
[White "Pindado Del Carmen, Eliseo"]
[Black "Jimenez Gonzalez, Marcos"]
[Result "0-1"]
[WhiteElo "1584"]
[BlackElo "1847"]
[PlyCount "68"]
[EventDate "2013.09.29"]
[EventType "swiss"]
[EventRounds "9"]
[EventCountry "ESP"]
[SourceTitle "Ajedrez en Madrid"]
[Source "lmi"]
[SourceDate "2013.09.29"]
[SourceVersion "1"]
[SourceVersionDate "2013.12.25"]
[SourceQuality "1"]

1. d4 e6 2. Nf3 d5 3. Bf4 c5 4. e3 Nc6 5. c3 Nf6 6. Bd3 Be7 7. Qc2 b6 8. Ne5
Bb7 9. Bb5 Rc8 10. Qa4 a6 11. Bxc6+ Bxc6 12. Qxa6 O-O 13. Nxc6 Rxc6 14. h3 Ne4
15. Nd2 f6 16. Nxe4 dxe4 17. Qc4 Kh8 18. Qb5 Qc8 19. Ke2 cxd4 20. exd4 g5 21.
Bg3 e5 22. Rad1 exd4 23. Rxd4 Rc5 24. Qd7 Qa6+ 25. Ke3 Rf7 26. Bd6 Bxd6 27.
Qxd6 Re5 28. a3 Qb5 29. Rb4 Qe8 30. Rxb6 Kg7 31. Rd1 f5 32. Qh6+ Kh8 33. Qxg5
f4+ 34. Ke2 Rxg5 0-1

[Event "21. Torneo San Viator 2013"]
[Site "Madrid ESP"]
[Date "2013.10.06"]
[Round "2.27"]
[White "Alonso Vara, Laura"]
[Black "Cano Mercado, Francisco Manuel"]
[Result "1/2-1/2"]
[WhiteElo "1573"]
[BlackElo "1840"]
[PlyCount "85"]
[EventDate "2013.09.29"]
[EventType "swiss"]
[EventRounds "9"]
[EventCountry "ESP"]
[SourceTitle "Ajedrez en Madrid"]
[Source "lmi"]
[SourceDate "2013.09.29"]
[SourceVersion "1"]
[SourceVersionDate "2013.12.25"]
[SourceQuality "1"]

1. e4 c5 2. Nf3 Nc6 3. d4 cxd4 4. Nxd4 Qb6 5. Nb3 Nf6 6. Nc3 e6 7. Be3 Qd8 8.
f3 a6 9. Qd2 Qc7 10. g4 d6 11. O-O-O Be7 12. h4 Ne5 13. Be2 Nfd7 14. f4 Nc4 15.
Bxc4 Qxc4 16. g5 b5 17. Qd4 Qxd4 18. Bxd4 O-O 19. Na5 Re8 20. f5 Bd8 21. Nc6
Bc7 22. Nb4 Bb7 23. Rhe1 Rac8 24. Kb1 Nc5 25. Nd3 Nxd3 26. cxd3 Ba5 27. Rc1 Bc6
28. Rf1 b4 29. Nd1 Bb5 30. Nf2 exf5 31. Rxc8 Rxc8 32. exf5 d5 33. Rc1 Rxc1+ 34.
Kxc1 Bc7 35. Kc2 Bd6 36. Ng4 Kf8 37. Be5 Bxe5 38. Nxe5 Ke7 39. d4 f6 40. Ng4 a5
41. gxf6+ gxf6 42. a3 Be2 43. Ne3 1/2-1/2

[Event "21. Torneo San Viator 2013"]
[Site "Madrid ESP"]
[Date "2013.10.06"]
[Round "2.28"]
[White "Savchuk, Olga"]
[Black "Martinez Montalvo, Eduardo"]
[Result "0-1"]
[WhiteElo "1572"]
[BlackElo "1823"]
[PlyCount "130"]
[EventDate "2013.09.29"]
[EventType "swiss"]
[EventRounds "9"]
[EventCountry "ESP"]
[SourceTitle "Ajedrez en Madrid"]
[Source "lmi"]
[SourceDate "2013.09.29"]
[SourceVersion "1"]
[SourceVersionDate "2013.12.25"]
[SourceQuality "1"]

1. e4 b6 2. d4 Bb7 3. Nc3 e6 4. a3 Nf6 5. e5 Nd5 6. Nxd5 exd5 7. Nf3 d6 8. Bf4
dxe5 9. Bxe5 Nd7 10. Bg3 Be7 11. c4 O-O 12. Be2 dxc4 13. Bxc4 Nf6 14. O-O Bd6
15. Ne5 Rc8 16. Qb3 Bxe5 17. dxe5 Ne4 18. Bf4 Nc5 19. Qa2 Qd4 20. Bg3 h5 21. h4
Qg4 22. Bd5 Bxd5 23. Qxd5 Ne4 24. f3 Qxg3 25. Qxe4 Rce8 26. Rae1 Re6 27. f4
Qxh4 28. Qb7 Qg3 29. Qxc7 h4 30. Qc3 Qg4 31. Qf3 Qf5 32. Qe4 Qxe4 33. Rxe4 Rfe8
34. Rfe1 f6 35. Kh2 fxe5 36. fxe5 g5 37. Kh3 Kg7 38. Kg4 Kg6 39. R4e3 Rc8 40.
R1e2 b5 41. Re4 a5 42. b4 Rc3 43. R4e3 axb4 44. axb4 Rc4+ 45. Re4 Rxe5 46. Rxc4
Rxe2 47. Rc6+ Kf7 48. Kxg5 Re4 49. Rf6+ Ke7 50. Rf4 Rxf4 51. Kxf4 Kd6 52. Ke4
Ke6 53. Kd4 Kf5 54. Ke3 Kg4 55. Kf2 Kf4 56. Ke2 Ke4 57. Kf2 Kd4 58. Kf3 Kc4 59.
Kg4 Kxb4 60. Kxh4 Kc3 61. g4 b4 62. g5 b3 63. g6 b2 64. g7 b1=Q 65. g8=Q Qh1+
0-1

[Event "21. Torneo San Viator 2013"]
[Site "Madrid ESP"]
[Date "2013.10.06"]
[Round "2.29"]
[White "Ore Leon, Gustavo"]
[Black "Valdes Sanchez, Jesus Manuel"]
[Result "0-1"]
[WhiteElo "1828"]
[BlackElo "1567"]
[PlyCount "62"]
[EventDate "2013.09.29"]
[EventType "swiss"]
[EventRounds "9"]
[EventCountry "ESP"]
[SourceTitle "Ajedrez en Madrid"]
[Source "lmi"]
[SourceDate "2013.09.29"]
[SourceVersion "1"]
[SourceVersionDate "2013.12.25"]
[SourceQuality "1"]

1. e4 d5 2. exd5 Qxd5 3. d4 Nf6 4. Nc3 Qd6 5. Nf3 Bg4 6. Be2 c6 7. O-O e6 8.
Re1 Nbd7 9. g3 Nh5 10. Ne4 Qc7 11. c4 Ndf6 12. Neg5 h6 13. Nxe6 fxe6 14. Ne5
Bxe2 15. Qxe2 O-O-O 16. Ng6 Bb4 17. Qxe6+ Qd7 18. Qxd7+ Nxd7 19. Rd1 Rhe8 20.
Be3 Kb8 21. a3 Ba5 22. b4 Bb6 23. a4 Nhf6 24. a5 Bc7 25. b5 cxb5 26. cxb5 Nd5
27. Bd2 Re4 28. Be1 b6 29. Nh4 Rf8 30. Kg2 Re2 31. Nf3 Ne3+ 0-1

[Event "21. Torneo San Viator 2013"]
[Site "Madrid ESP"]
[Date "2013.10.06"]
[Round "2.30"]
[White "Vazquez Cabeza, Isaac"]
[Black "Alonso Penalver, Angel"]
[Result "0-1"]
[WhiteElo "1560"]
[BlackElo "1762"]
[PlyCount "52"]
[EventDate "2013.09.29"]
[EventType "swiss"]
[EventRounds "9"]
[EventCountry "ESP"]
[SourceTitle "Ajedrez en Madrid"]
[Source "lmi"]
[SourceDate "2013.09.29"]
[SourceVersion "1"]
[SourceVersionDate "2013.12.25"]
[SourceQuality "1"]

1. c4 e6 2. Nc3 d5 3. cxd5 exd5 4. d4 Nf6 5. e3 c6 6. Nf3 Bd6 7. Bd3 O-O 8. O-O
Bg4 9. h3 Bh5 10. Be2 Re8 11. Bd2 a6 12. Nh4 Bxe2 13. Qxe2 Ne4 14. Nf3 Nd7 15.
Bc1 Nf8 16. Nxe4 dxe4 17. Nd2 Qh4 18. b3 Re6 19. Nc4 Bc7 20. Ba3 Rd8 21. Bc5
Rg6 22. Kh1 Rd5 23. Rg1 Rh5 24. f4 exf3 25. Qxf3 Rg3 26. Qf1 Qe4 0-1

[Event "21. Torneo San Viator 2013"]
[Site "Madrid ESP"]
[Date "2013.10.06"]
[Round "2.31"]
[White "Villanueva Ortega, Ruben"]
[Black "Salgado Duarte, Pablo"]
[Result "1-0"]
[WhiteElo "1782"]
[BlackElo "1551"]
[PlyCount "69"]
[EventDate "2013.09.29"]
[EventType "swiss"]
[EventRounds "9"]
[EventCountry "ESP"]
[SourceTitle "Ajedrez en Madrid"]
[Source "lmi"]
[SourceDate "2013.09.29"]
[SourceVersion "1"]
[SourceVersionDate "2013.12.25"]
[SourceQuality "1"]

1. e4 e5 2. d4 exd4 3. c3 dxc3 4. Bc4 d6 5. Nxc3 Be6 6. Bxe6 fxe6 7. Qb3 b6 8.
Qxe6+ Ne7 9. Bg5 Qd7 10. Qc4 a6 11. Nf3 Nbc6 12. O-O b5 13. Qb3 Na5 14. Qc2 Ng6
15. Nd5 Rc8 16. Rac1 Nc4 17. b3 c6 18. bxc4 cxd5 19. Qd3 dxc4 20. Qd5 Ne7 21.
Bxe7 Bxe7 22. Rfd1 Rc5 23. Qa8+ Qc8 24. Qa7 O-O 25. Qxe7 Qg4 26. Nd4 Qf4 27.
Nf5 Qg4 28. Qxd6 Rcc8 29. Ne7+ Kh8 30. Nxc8 Qxc8 31. e5 h6 32. e6 Re8 33. Qd7
Qb8 34. e7 Kh7 35. Rc3 1-0

[Event "21. Torneo San Viator 2013"]
[Site "Madrid ESP"]
[Date "2013.10.06"]
[Round "2.32"]
[White "Enfedaque Jimenez, Juan Carlos"]
[Black "Perez Gonzalez, Daniel"]
[Result "0-1"]
[WhiteElo "1761"]
[BlackElo "1546"]
[PlyCount "78"]
[EventDate "2013.09.29"]
[EventType "swiss"]
[EventRounds "9"]
[EventCountry "ESP"]
[SourceTitle "Ajedrez en Madrid"]
[Source "lmi"]
[SourceDate "2013.09.29"]
[SourceVersion "1"]
[SourceVersionDate "2013.12.25"]
[SourceQuality "1"]

1. e4 c6 2. d4 d5 3. e5 Bf5 4. Ne2 e6 5. Ng3 Bg6 6. h4 h6 7. h5 Bh7 8. Bd3 Bxd3
9. cxd3 Qb6 10. Be3 Nd7 11. O-O c5 12. dxc5 Bxc5 13. d4 Be7 14. Qg4 Bf8 15. Nd2
Ne7 16. f4 f5 17. exf6 Nxf6 18. Qh3 O-O-O 19. f5 e5 20. Ne2 e4 21. Nf4 Nc6 22.
Ne6 Rd7 23. Rfc1 Bd6 24. Nb3 Ne8 25. Nbc5 Re7 26. Nxg7 Bxc5 27. dxc5 Qxb2 28.
f6+ Rd7 29. Nxe8 Rxe8 30. f7 Rf8 31. Rab1 Qf6 32. Rf1 Qe7 33. Bxh6 Rxf7 34.
Rxf7 Qxf7 35. Rf1 Qe7 36. Rf8+ Nd8 37. Qf5 e3 38. Bg5 e2 39. Qxd7+ Kxd7 0-1

[Event "21. Torneo San Viator 2013"]
[Site "Madrid ESP"]
[Date "2013.10.06"]
[Round "2.33"]
[White "Cortijo Manso, Luis"]
[Black "San Felipe Gonzalez, Tomas"]
[Result "1/2-1/2"]
[WhiteElo "1535"]
[BlackElo "1732"]
[PlyCount "114"]
[EventDate "2013.09.29"]
[EventType "swiss"]
[EventRounds "9"]
[EventCountry "ESP"]
[SourceTitle "Ajedrez en Madrid"]
[Source "lmi"]
[SourceDate "2013.09.29"]
[SourceVersion "1"]
[SourceVersionDate "2013.12.25"]
[SourceQuality "1"]

1. d4 d5 2. Nf3 Nf6 3. g3 c5 4. c4 cxd4 5. cxd5 Qa5+ 6. Bd2 Qxd5 7. Bg2 Nc6 8.
O-O Qb5 9. b3 e5 10. a4 Qb6 11. Na3 Bxa3 12. Rxa3 Be6 13. Qb1 h6 14. b4 Nd7 15.
a5 Qb5 16. Re1 O-O 17. Bf1 Bc4 18. Ra1 Rfe8 19. e3 Bxf1 20. Rxf1 Qe2 21. Qd1
Qxd1 22. Rfxd1 dxe3 23. Bxe3 Nf6 24. Rab1 Re7 25. Rd6 Ne4 26. Rd3 a6 27. Nd2
Nxd2 28. Rxd2 Rd8 29. Rxd8+ Nxd8 30. Rd1 Nc6 31. Bc5 Rc7 32. Kg2 f6 33. Rd6 Kf7
34. Bb6 Re7 35. Bc5 Nb8 36. Rd8 Re8 37. Rd6 Rc8 38. Rb6 Nc6 39. Rxb7+ Kg6 40.
Rb6 Nxa5 41. Rxa6 Nb3 42. Bd6 Kf5 43. b5 Nc5 44. Ra7 g6 45. b6 Ke6 46. Bxc5
Rxc5 47. b7 Rb5 48. Ra6+ Kf5 49. Ra7 h5 50. h3 Rb3 51. h4 g5 52. hxg5 Kxg5 53.
Kh3 f5 54. f3 e4 55. f4+ Kg6 56. Kh4 e3 57. Ra6+ Kf7 1/2-1/2

[Event "21. Torneo San Viator 2013"]
[Site "Madrid ESP"]
[Date "2013.10.06"]
[Round "2.34"]
[White "Cabanas Bravo, Juan Andres"]
[Black "Rodriguez Orgaz, Cesar"]
[Result "1/2-1/2"]
[WhiteElo "2089"]
[BlackElo "1820"]
[PlyCount "64"]
[EventDate "2013.09.29"]
[EventType "swiss"]
[EventRounds "9"]
[EventCountry "ESP"]
[SourceTitle "Ajedrez en Madrid"]
[Source "lmi"]
[SourceDate "2013.09.29"]
[SourceVersion "1"]
[SourceVersionDate "2013.12.25"]
[SourceQuality "1"]

1. e4 c6 2. Bc4 d5 3. Bb3 dxe4 4. Qh5 g6 5. Qh4 Nf6 6. Nc3 Bg7 7. Nxe4 Nxe4 8.
Qxe4 Qd4 9. Qf3 O-O 10. Ne2 Qg4 11. Qxg4 Bxg4 12. f3 Bd7 13. d4 e5 14. c3 exd4
15. cxd4 Re8 16. Kf2 Na6 17. Rd1 Be6 18. Ba4 b5 19. Bb3 Nb4 20. Bf4 Rad8 21.
Bc7 Rd7 22. Ba5 Bxb3 23. axb3 Nc2 24. Rac1 Nxd4 25. Nxd4 Rxd4 26. Bc3 Rdd8 27.
Rxd8 Rxd8 28. Bxg7 Kxg7 29. Ke3 Re8+ 30. Kd3 Rd8+ 31. Ke3 Re8+ 32. Kd3 Rd8+
1/2-1/2

[Event "21. Torneo San Viator 2013"]
[Site "Madrid ESP"]
[Date "2013.10.06"]
[Round "2.35"]
[White "Crespo Villalba, Israel"]
[Black "Luque Ibanez, Manuel"]
[Result "1-0"]
[WhiteElo "1886"]
[BlackElo "2021"]
[PlyCount "65"]
[EventDate "2013.09.29"]
[EventType "swiss"]
[EventRounds "9"]
[EventCountry "ESP"]
[SourceTitle "Ajedrez en Madrid"]
[Source "lmi"]
[SourceDate "2013.09.29"]
[SourceVersion "1"]
[SourceVersionDate "2013.12.25"]
[SourceQuality "1"]

1. e4 c5 2. Nf3 Nc6 3. d4 cxd4 4. Nxd4 Nf6 5. Nc3 e5 6. Ndb5 d6 7. Bg5 a6 8.
Na3 b5 9. Nd5 Be7 10. Bxf6 Bxf6 11. c3 O-O 12. g3 Bg5 13. Bg2 Bb7 14. O-O Ne7
15. Nxe7+ Qxe7 16. Nc2 f5 17. exf5 Bxg2 18. Kxg2 Qb7+ 19. Kg1 Rxf5 20. Nb4 Qf7
21. Qd5 Qxd5 22. Nxd5 e4 23. Rad1 Raf8 24. h4 Bd8 25. Ne3 R5f6 26. Rd4 Re6 27.
Rfd1 Be7 28. Nd5 Bf6 29. R4d2 Be5 30. Re2 Bf6 31. a3 Kf7 32. Nc7 Re7 33. Nxa6
1-0

[Event "21. Torneo San Viator 2013"]
[Site "Madrid ESP"]
[Date "2013.10.06"]
[Round "2.36"]
[White "Padin Lazaro, Jose Manuel"]
[Black "Martin Mazuelo, Miguel"]
[Result "1/2-1/2"]
[WhiteElo "1837"]
[BlackElo "1992"]
[PlyCount "134"]
[EventDate "2013.09.29"]
[EventType "swiss"]
[EventRounds "9"]
[EventCountry "ESP"]
[SourceTitle "Ajedrez en Madrid"]
[Source "lmi"]
[SourceDate "2013.09.29"]
[SourceVersion "1"]
[SourceVersionDate "2013.12.25"]
[SourceQuality "1"]

1. e4 c5 2. Nf3 e6 3. d4 cxd4 4. Nxd4 Nf6 5. Nc3 Bb4 6. e5 Nd5 7. Bd2 Nxc3 8.
bxc3 Be7 9. Qg4 g6 10. Bd3 Nc6 11. Nxc6 dxc6 12. h4 Qc7 13. Qg3 Bd7 14. a4 c5
15. h5 O-O-O 16. Qe3 Bc6 17. Be4 Rxd2 18. Bxc6 Rhd8 19. Be4 R2d7 20. hxg6 hxg6
21. Ke2 Kb8 22. f4 Qa5 23. Rhb1 a6 24. Rb2 Rc7 25. Rab1 Rdd7 26. Qf3 Qxa4 27.
Bxb7 Qc4+ 28. Ke1 Ka7 29. Bc8 Bh4+ 30. g3 Bxg3+ 31. Qxg3 Qe4+ 32. Kf1 Rxc8 33.
Qg2 Qxg2+ 34. Kxg2 Rcc7 35. Ra2 Rb7 36. Rba1 Rb6 37. Kf3 Kb7 38. Kg4 Kc6 39.
Rxa6 Rxa6 40. Rxa6+ Kd5 41. Ra4 Rc7 42. Kf3 g5 43. Ke3 gxf4+ 44. Kxf4 Rb7 45.
Re4 Rb1 46. c4+ Kc6 47. Kg5 Kd7 48. Re2 Ke7 49. Kf4 Rd1 50. Kf3 f6 51. Re4 Rd2
52. exf6+ Kxf6 53. Re2 Rxe2 54. Kxe2 Ke5 55. Ke3 Kf5 56. Kf3 e5 57. Ke3 e4 58.
c3 Ke5 59. Ke2 Kf4 60. Kf2 e3+ 61. Ke1 Ke5 62. Kf1 Kf4 63. Ke1 Kg4 64. Ke2 Kf4
65. Ke1 Kf3 66. Kf1 e2+ 67. Ke1 Ke3 1/2-1/2

[Event "21. Torneo San Viator 2013"]
[Site "Madrid ESP"]
[Date "2013.10.06"]
[Round "2.37"]
[White "Luna Hermoso, Angel"]
[Black "Garcia Sanjuan, Jose"]
[Result "1-0"]
[WhiteElo "1979"]
[BlackElo "1857"]
[PlyCount "97"]
[EventDate "2013.09.29"]
[EventType "swiss"]
[EventRounds "9"]
[EventCountry "ESP"]
[SourceTitle "Ajedrez en Madrid"]
[Source "lmi"]
[SourceDate "2013.09.29"]
[SourceVersion "1"]
[SourceVersionDate "2013.12.25"]
[SourceQuality "1"]

1. d4 b6 2. e4 Bb7 3. Nc3 g6 4. Bc4 Bg7 5. Nf3 e6 6. e5 d5 7. exd6 Qxd6 8. O-O
a6 9. d5 Bxc3 10. dxe6 fxe6 11. bxc3 Qxd1 12. Rxd1 Bxf3 13. gxf3 e5 14. Bg5 Ne7
15. Bf6 Rf8 16. Bxe5 Rxf3 17. Bxc7 Nbc6 18. Be6 Rxc3 19. Rd7 Nd4 20. Rxd4 Rxc7
21. Rh4 h5 22. Re1 Raa7 23. Rf4 g5 24. Rf3 h4 25. c4 b5 26. cxb5 axb5 27. Re5
Rc6 28. Bf7+ Kd8 29. Rxb5 g4 30. Rd3+ Kc7 31. Kg2 Rc1 32. h3 Ra4 33. Rh5 Rf4
34. Bb3 Nf5 35. hxg4 Rxg4+ 36. Kf3 Rd4 37. Rxd4 Nxd4+ 38. Kg4 Nxb3 39. axb3 Rc3
40. Rxh4 Rxb3 41. f4 Kd7 42. Kg5 Ke7 43. Rh7+ Kf8 44. f5 Rb5 45. Kg6 Rb6+ 46.
f6 Kg8 47. Ra7 Rb8 48. Rg7+ Kf8 49. Rh7 1-0

[Event "21. Torneo San Viator 2013"]
[Site "Madrid ESP"]
[Date "2013.10.06"]
[Round "2.38"]
[White "Hernandez Mateo, Borja"]
[Black "Marcos Herrero, Francisco"]
[Result "0-1"]
[WhiteElo "1805"]
[BlackElo "1949"]
[PlyCount "76"]
[EventDate "2013.09.29"]
[EventType "swiss"]
[EventRounds "9"]
[EventCountry "ESP"]
[SourceTitle "Ajedrez en Madrid"]
[Source "lmi"]
[SourceDate "2013.09.29"]
[SourceVersion "1"]
[SourceVersionDate "2013.12.25"]
[SourceQuality "1"]

1. e4 c5 2. Nf3 d6 3. d4 Nf6 4. Nc3 cxd4 5. Nxd4 g6 6. Be3 Bg7 7. f3 Nc6 8. Qd2
Bd7 9. Be2 Rc8 10. O-O O-O 11. Kh1 Ne5 12. Rad1 a6 13. Nd5 Nc4 14. Bxc4 Rxc4
15. b3 Rc8 16. c4 b5 17. Nxf6+ Bxf6 18. cxb5 axb5 19. Rc1 Ra8 20. Rf2 Qb8 21.
Qb4 Qa7 22. Re2 Qa6 23. Rec2 Rfc8 24. Rxc8+ Rxc8 25. Rxc8+ Qxc8 26. Nxb5 Qc2
27. a4 Bxb5 28. axb5 Bc3 29. Qc4 Qd1+ 30. Bg1 Ba5 31. Qc6 Bb4 32. Qd5 Qb1 33.
g3 Bc5 34. Kg2 Qxg1+ 35. Kh3 Qf1+ 36. Kg4 h5+ 37. Kg5 Qxb5 38. Kh6 Be3+ 0-1

[Event "21. Torneo San Viator 2013"]
[Site "Madrid ESP"]
[Date "2013.10.06"]
[Round "2.39"]
[White "Garcia Martin, Juan Manuel"]
[Black "Gutierrez Sanchez, Fernando"]
[Result "1-0"]
[WhiteElo "1797"]
[BlackElo "1945"]
[PlyCount "67"]
[EventDate "2013.09.29"]
[EventType "swiss"]
[EventRounds "9"]
[EventCountry "ESP"]
[SourceTitle "Ajedrez en Madrid"]
[Source "lmi"]
[SourceDate "2013.09.29"]
[SourceVersion "1"]
[SourceVersionDate "2013.12.25"]
[SourceQuality "1"]

1. d4 Nf6 2. Nf3 c5 3. e3 cxd4 4. exd4 d5 5. c3 Nc6 6. Bb5 Qb6 7. Qb3 a6 8.
Bxc6+ Qxc6 9. Ne5 Qb5 10. Qxb5+ axb5 11. Na3 Be6 12. Nxb5 O-O-O 13. Bf4 Ne4 14.
Na7+ Kc7 15. Nxf7+ Nd6 16. Nb5+ Kd7 17. Nxd8 Kxd8 18. Nxd6 exd6 19. Kd2 Kd7 20.
Rhe1 Be7 21. Re2 Bf6 22. Rae1 Bf7 23. f3 b5 24. Ra1 b4 25. a4 bxc3+ 26. bxc3
Ra8 27. Kc1 Ra5 28. Rb2 Kc6 29. Rb5 Ra6 30. Rb4 Bg6 31. Rb8 Kc7 32. Rb4 Bd3 33.
Kd2 Bf1 34. Rxf1 1-0

[Event "21. Torneo San Viator 2013"]
[Site "Madrid ESP"]
[Date "2013.10.06"]
[Round "2.41"]
[White "Tirado Parra, Alberto"]
[Black "Saribekyan, Garnik"]
[Result "1-0"]
[WhiteElo "1937"]
[BlackElo "1693"]
[PlyCount "67"]
[EventDate "2013.09.29"]
[EventType "swiss"]
[EventRounds "9"]
[EventCountry "ESP"]
[SourceTitle "Ajedrez en Madrid"]
[Source "lmi"]
[SourceDate "2013.09.29"]
[SourceVersion "1"]
[SourceVersionDate "2013.12.25"]
[SourceQuality "1"]

1. Nf3 f5 2. g3 Nf6 3. c4 g6 4. b4 Bg7 5. Bb2 d6 6. Bg2 O-O 7. O-O e5 8. d3 a5
9. bxa5 Nc6 10. Nbd2 Rxa5 11. Nb3 Ra8 12. c5 Qe8 13. Qc2 d5 14. a3 e4 15. Nfd4
g5 16. Nxc6 bxc6 17. Nd4 e3 18. f4 g4 19. Qc1 Rf7 20. Nc2 Re7 21. Be5 Nd7 22.
d4 Nxc5 23. Qxe3 Na4 24. Nb4 Bb7 25. Qb3 Ra7 26. Rac1 Bxe5 27. fxe5 Re6 28.
Rxf5 Nb6 29. e4 Nc4 30. exd5 cxd5 31. Nxd5 Nd2 32. Nf6+ Kh8 33. Nxe8 Nxb3 34.
Rf8# 1-0

[Event "21. Torneo San Viator 2013"]
[Site "Madrid ESP"]
[Date "2013.10.06"]
[Round "2.42"]
[White "Loncomilla Sanhueza, Ernesto"]
[Black "Jimenez Sanchez, Juan Daniel"]
[Result "1-0"]
[WhiteElo "1683"]
[BlackElo "1376"]
[PlyCount "51"]
[EventDate "2013.09.29"]
[EventType "swiss"]
[EventRounds "9"]
[EventCountry "ESP"]
[SourceTitle "Ajedrez en Madrid"]
[Source "lmi"]
[SourceDate "2013.09.29"]
[SourceVersion "1"]
[SourceVersionDate "2013.12.25"]
[SourceQuality "1"]

1. e4 c5 2. c3 d6 3. d4 Nf6 4. dxc5 Nxe4 5. Qa4+ Nd7 6. Qxe4 Nxc5 7. Qc2 a6 8.
Nf3 g6 9. Bg5 Bf5 10. Qd1 Qb6 11. b4 Ne6 12. Bd3 Bg4 13. Bd2 Nd8 14. O-O Bg7
15. Na3 d5 16. Nc2 e5 17. Ne3 Bd7 18. Nxd5 Qd6 19. Qb3 Be6 20. c4 b5 21. Rac1
O-O 22. Ng5 Rc8 23. Rfe1 f6 24. Ne4 bxc4 25. Nxd6 cxb3 26. Ne7+ 1-0

[Event "21. Torneo San Viator 2013"]
[Site "Madrid ESP"]
[Date "2013.10.06"]
[Round "2.43"]
[White "Martin Garcia, Francisco Javie"]
[Black "Rodriguez Romero, Martin"]
[Result "1-0"]
[WhiteElo "1676"]
[BlackElo "1366"]
[PlyCount "135"]
[EventDate "2013.09.29"]
[EventType "swiss"]
[EventRounds "9"]
[EventCountry "ESP"]
[SourceTitle "Ajedrez en Madrid"]
[Source "lmi"]
[SourceDate "2013.09.29"]
[SourceVersion "1"]
[SourceVersionDate "2013.12.25"]
[SourceQuality "1"]

1. d4 d5 2. Nf3 Nf6 3. g3 Bf5 4. Bg2 e6 5. c4 c6 6. O-O dxc4 7. Ne5 Nbd7 8.
Nxc4 Qc7 9. Bf4 Qd8 10. Bd6 Nb6 11. Bxf8 Kxf8 12. Ne5 g6 13. Nc3 Ng4 14. Nxg4
Bxg4 15. h3 h5 16. hxg4 hxg4 17. e4 Qg5 18. Re1 Kg7 19. e5 Nc4 20. Ne4 Qh6 21.
Nf6 Nxb2 22. Qxg4 Nd3 23. Qf3 Nxe1 24. Rxe1 Qd2 25. Rd1 Qxa2 26. Ne4 a5 27.
Qf6+ Kg8 28. Nd6 Rf8 29. Be4 Qe2 30. Rb1 Qh5 31. Kf1 Qg4 32. Ke1 Rh7 33. Kd2 b5
34. Rc1 b4 35. Rxc6 b3 36. Kc3 a4 37. Bf3 Qh3 38. Kb4 b2 39. Be4 Qf1 40. Kxa4
b1=Q 41. Bxb1 Qxb1 42. Rc8 Qa2+ 43. Kb5 Qb3+ 44. Kc6 Rxc8+ 45. Nxc8 Qc4+ 46.
Kd7 Qxd4+ 47. Ke8 Qa4+ 48. Kd8 Qa5+ 49. Kd7 Qd5+ 50. Kc7 Qa5+ 51. Kd7 Qb5+ 52.
Kc7 Rh1 53. Ne7+ Kh7 54. Nc6 Kh6 55. Qh8+ Kg5 56. Qxh1 Qc4 57. Qh8 Qg4 58. Qf6+
Kh6 59. Qf4+ Qxf4 60. gxf4 g5 61. fxg5+ Kxg5 62. Kd6 Kf5 63. Ke7 Ke4 64. Kxf7
Kd5 65. Ke7 Kc5 66. Kxe6 Kxc6 67. f4 Kc7 68. Ke7 1-0

[Event "21. Torneo San Viator 2013"]
[Site "Madrid ESP"]
[Date "2013.10.06"]
[Round "2.46"]
[White "Del Noval Perez, Jeronimo"]
[Black "Aguilera Lopez, Alejandro"]
[Result "0-1"]
[WhiteElo "1428"]
[BlackElo "1536"]
[PlyCount "38"]
[EventDate "2013.09.29"]
[EventType "swiss"]
[EventRounds "9"]
[EventCountry "ESP"]
[SourceTitle "Ajedrez en Madrid"]
[Source "lmi"]
[SourceDate "2013.09.29"]
[SourceVersion "1"]
[SourceVersionDate "2013.12.25"]
[SourceQuality "1"]

1. e4 c5 2. Nf3 Nc6 3. d4 cxd4 4. Nxd4 e6 5. Be2 Nf6 6. Nc3 Bb4 7. O-O Bxc3 8.
bxc3 Nxe4 9. Qd3 d5 10. c4 O-O 11. c3 a6 12. a4 Qc7 13. cxd5 exd5 14. Bf3 Ne5
15. Bf4 Nxf3+ 16. Nxf3 Qxf4 17. Qxd5 Nxc3 18. Qh5 Bg4 19. Qh4 Bxf3 0-1